01035nab a22002057a 4500999001500000003000400015005001700019008004100036040000700077100003500084245016100119260007200280300001300352505017500365505008900540650002300629650003900652773012500691942001300816 c6085d6085OSt20260121192450.0190502c xxu||||| |||| 00| 0 spa d cPJ 95802aGarcía, Víctor Hugo 13aDogmática penal para la democracia :blas teorías de Hans Welzel y Claus Roxin en la sentencia del “Juicio a las Juntas” /cVíctor Hugo García. aCiudad Autónoma de Buenos Aires :bThomson Reuters La Ley,c2024. ap. 29-52 aSumario: I. Introducción metodológica.— II. La recepción de las teorías sobre la autoría.— III. El “Juicio a las Juntas” de 1985.— IV. Conclusión.  t¿Te interesa el texto completo? Solicitalo al correo: koha@justierradelfuego.gov.ar 09343aDERECHO PENAL 096334aCRÍMENES DE LESA HUMANIDAD0 0272993180dBuenos Aires : LexisNexis, 2006-tRevista de derecho penal y procesal penal. Nº 7 - Julio 2024z9875920622 2udccANA